Performance measurement in corporate real estate: issues, evidence and research agenda (Record no. 68935)
[ view plain ]
| 000 -LEADER | |
|---|---|
| fixed length control field | 01141cam a2200277 4500 |
| 001 - CONTROL NUMBER | |
| control field | ABS64764 |
| 008 - FIXED-LENGTH DATA ELEMENTS--GENERAL INFORMATION | |
| fixed length control field | 011126n2001 000 0 eng u |
| 035 ## - SYSTEM CONTROL NUMBER | |
| System control number | (Sirsi) u115732 |
| 100 ## - MAIN ENTRY--PERSONAL NAME | |
| Personal name | Kim Hiang, L. |
| 245 ## - TITLE STATEMENT | |
| Title | Performance measurement in corporate real estate: issues, evidence and research agenda |
| 260 ## - PUBLICATION, DISTRIBUTION, ETC. | |
| Date of publication, distribution, etc. | 2001 |
| 490 ## - SERIES STATEMENT | |
| Series statement | Journal of Financial Management of Property and Construction |
| Volume/sequential designation | 6(2) 2August 2001, 71-79(9) |
| 520 ## - SUMMARY, ETC. | |
| Summary, etc. | The main aim of the paper is to establish an in-depth understanding on the role of corporate real estate (CRE) in a non-real estate corporate context. Argues that performance measures are needed that show how real estate is being used and perceived by corporate management and investors. References. |
| 590 ## - LOCAL NOTE (RLIN) | |
| Local note | ABS |
| 650 ## - SUBJECT ADDED ENTRY--TOPICAL TERM | |
| Topical term or geographic name entry element | CORPORATE REAL ESTATE |
| 650 ## - SUBJECT ADDED ENTRY--TOPICAL TERM | |
| Topical term or geographic name entry element | PERFORMANCE MEASUREMENT |
| 650 ## - SUBJECT ADDED ENTRY--TOPICAL TERM | |
| Topical term or geographic name entry element | BUSINESS PERFORMANCE |
| 650 ## - SUBJECT ADDED ENTRY--TOPICAL TERM | |
| Topical term or geographic name entry element | FINANCIAL PERFORMANCE |
| 650 ## - SUBJECT ADDED ENTRY--TOPICAL TERM | |
| Topical term or geographic name entry element | STOCK MARKET PERFORMANCE |
| 650 ## - SUBJECT ADDED ENTRY--TOPICAL TERM | |
| Topical term or geographic name entry element | VALUATION MODELS |
| 690 ## - LOCAL SUBJECT ADDED ENTRY--TOPICAL TERM (OCLC, RLIN) | |
| Topical term or geographic name as entry element | PROPERTY-COMMERCIAL PROPERTY |
| 700 ## - ADDED ENTRY--PERSONAL NAME | |
| Personal name | Ooi Thian Leong, J. |
| 700 ## - ADDED ENTRY--PERSONAL NAME | |
| Personal name | Ebrahim, M.S. |
| 700 ## - ADDED ENTRY--PERSONAL NAME | |
| Personal name | Brown, G.R. |
| 942 ## - ADDED ENTRY ELEMENTS (KOHA) | |
| Suppress in OPAC | 0 |
| Withdrawn status | Lost status | Source of classification or shelving scheme | Damaged status | Not for loan | Home library | Current library | Shelving location | Date acquired | Total Checkouts | Full call number | Barcode | Date last seen | Copy number | Price effective from | Koha item type |
|---|---|---|---|---|---|---|---|---|---|---|---|---|---|---|---|
| Dewey Decimal Classification | London | London | Journal article | 26/11/2001 | ABS64764 | 115732-1001 | 06/08/2019 | 1 | 06/08/2019 | Journal article |